=LDR 00000nam 2200000 4500 =001 INLIS000000000039236 =005 20130612144858 =008 ***********************************Ind** =035 ##$$0010-061300000039236 =041 ##$$a Ind =082 ##$$a 2X3.1 =090 ##$$a 2X3.1, Ber b =245 ##$$a Bermain dan berakhlak Mengapa tiodak?, Tim Pemnyusun =260 ##$$a 2006 $b Yogyakarta =300 ##$$a 148 hl., 30 cm =850 ##$$a NBPNMAT